00280nam a22001097a 4500020001800000040000900018082001600027100001700043245003700060260003000097650004300127 a9788187570837 cNUST a616.079 YAH aYahya, Harun aThe Miracle of the Immune System aINDIA:bGood Word,c2008. aImmune system. Immunity. Immune System